Cracing the Sat / (Record no. 122972)

MARC details
000 -LEADER
fixed length control field 00790nam a22002537a 4500
003 - CONTROL NUMBER IDENTIFIER
control field dpl
005 - DATE AND TIME OF LATEST TRANSACTION
control field 20170124105918.0
008 - FIXED-LENGTH DATA ELEMENTS--GENERAL INFORMATION
fixed length control field 161128b xxu||||| |||| 00| 0 eng d
010 ## - LIBRARY OF CONGRESS CONTROL NUMBER
LC control number B-229214
020 ## - INTERNATIONAL STANDARD BOOK NUMBER
Terms of availability 650.00
International Standard Book Number 9780375766077
035 ## - SYSTEM CONTROL NUMBER
System control number B-229214
037 ## - SOURCE OF ACQUISITION
Source of stock number/acquisition Cen Lib/Ret
040 ## - CATALOGING SOURCE
Original cataloging agency DPL
Language of cataloging EN
Transcribing agency TIT
082 ## - DEWEY DECIMAL CLASSIFICATION NUMBER
Classification number 378.1662
Item number ROB
100 ## - MAIN ENTRY--PERSONAL NAME
Personal name Robinson, Adam
9 (RLIN) 3394
245 ## - TITLE STATEMENT
Title Cracing the Sat /
Statement of responsibility, etc by Adam Robinson [and] John Katzman
260 ## - PUBLICATION, DISTRIBUTION, ETC. (IMPRINT)
Place of publication, distribution, etc New York
Name of publisher, distributor, etc Random house Inc.
Date of publication, distribution, etc 2007
270 ## - ADDRESS
Address 2315 Broadway
City New York
Postal code 10024
300 ## - PHYSICAL DESCRIPTION
Extent xi, 647p.
Dimensions 26cm (pbk)
650 ## - SUBJECT ADDED ENTRY--TOPICAL TERM
Topical term or geographic name as entry element SAT (educational test)- study guides
9 (RLIN) 3395
650 ## - SUBJECT ADDED ENTRY--TOPICAL TERM
Topical term or geographic name as entry element Scholastic aptitude test -study guides
9 (RLIN) 3396
700 ## - ADDED ENTRY--PERSONAL NAME
Personal name Katzman,John
9 (RLIN) 107104
942 ## - ADDED ENTRY ELEMENTS (KOHA)
Source of classification or shelving scheme Dewey Decimal Classification
Koha item type English Books
Classification part 378.1662
Call number suffix ROB
Holdings
Withdrawn status Lost status Source of classification or shelving scheme Damaged status Not for loan Collection code Home library Current library Date acquired Source of acquisition Cost, normal purchase price Total Checkouts Full call number Barcode Date last seen Copy number Cost, replacement price Price effective from Koha item type
    Dewey Decimal Classification   Not For Loan Reference Central Library Central Library 01/06/2015 Cen Lib/Ret 650.00   378.1662 ROB B-229214 01/06/2015 1 650.00 01/06/2015 English Books

© Delhi Public Library
Hit Counter
free hit counter